000 00318nam a22001337a 4500
008 180126b xxu||||| |||| 00| 0 eng d
020 _a9781305313521
041 _aeng
080 _a316
100 _a50
101 _aSOC
245 _aSociology of intimate relationships and sexuality
_cBrym, R.J
942 _2udc
_cBK
999 _c41059
_d41059